| 000 | 00371nam a22001457a 4500 | ||
|---|---|---|---|
| 003 | MACL | ||
| 005 | 20170917130208.0 | ||
| 008 | 170917b xxu||||| |||| 00| 0 eng d | ||
| 040 | _cMACL | ||
| 100 |
_aPattanayak, A. K. _969137 |
||
| 245 | _aNabakalebara of Lord Jagannath | ||
| 260 |
_aNew Delhi _bAryan Books _c2015 |
||
| 650 |
_aHindu Religion _9350 |
||
| 942 |
_2ddc _cBK |
||
| 999 |
_c57043 _d57043 |
||